[Event "E Grand Prix"]
[Site "Khanty Mansiysk"]
[Date "2015.05.20"]
[Round "6.2"]
[White "Svidler, Peter"]
[Black "Giri, Anish"]
[Result "1-0"]
[WhiteElo "2734"]
[BlackElo "2776"]
[EventDate "2015.??.??"]
[Annotator "Bojkov,Dejan"]
[PlyCount "165"]
[Beauty "5226480272905"]
[EventType "team-tourn"]
[EventCountry "FID"]
[WhiteClock "0:12:58"]
[BlackClock "0:02:36"]

{[Annotations by GM Dejan Bojkov]} 
1.d4 Nf6 2.c4 e6 3.Nf3 d5 4.Nc3 Bb4 5.cxd5 exd5 6.Bf4 {"This is a new line and there are very few games in the Megabase, but of course Anish was well prepared. Probably better than me..." (Svidler)} ( {The usual move is} 6.Bg5 {for example} 6...h6 7.Bh4 c5 8.dxc5 Nbd7 9.Qb3 Qa5 10.a3 Bxc3+ 11.bxc3 Qxc5 {as in Grischuk,A (2794)-Aronian,L (2770) Tsaghkadzor 2015} ) 6...O-O 7.Rc1 {This is a novelty.} ( {Previously only} 7.e3 {has been played.} ) 7...Bf5 8.a3 Ba5 {Svidler suggested a simpler solution to Black's problems:} ( 8...Bxc3+ {with the idea} 9.Rxc3 ( {The Russian GM was planning instead to go for} 9.bxc3 {to which Giri reasonably asked: "Then what was the move Ra1-c1 for?"} ) 9...c6 10.e3 Ne4 11.Rc1 Qa5+ 12.Nd2 g5 13.Bxb8 Raxb8 14.f3 Nxd2 15.Qxd2 Qxd2+ 16.Kxd2 {with approximate equality.} ) 9.e3 c6 {Now a typical Carlsbad pawn structure arises when White wants to carry out the famous minority attack on the queenside.} 10.Be2 Nbd7 11.O-O Re8 12.b4 Bc7 13.Bxc7 Qxc7 {One way or another the dark-squared bishop was traded. (In the usual Carlsbad this is done through the g5 square.) This might seem good for White as technically speaking he has the better bishop left on the board, but in reality Black is happy to swap a pair of pieces. Plus, his bishop on f5 is superbly placed and is by no means worse than the white one.} 14.b5 Qd6 15.Qb3 c5 {An impractical decision. The isolated pawn will be a concern for Black and although he can defend the position his task would be unpleasant. Svidler suggested a better path to equality instead:} ( 15...a6 $1 16.bxc6 bxc6 {and if} 17.Qb4 Qxb4 18.axb4 Reb8 19.Na2 a5 {everything disappears on the queenside and a draw would become inevitable.} ) 16.dxc5 Nxc5 17.Qb4 {Giri believed that with the white pawn on b5 his position would be save enough but then when it came to defending it he realized that things are not that simple. "I have no moves here" was heard multiple times during the press conference by the Dutch grandmaster.} 17...Rac8 18.Rfd1 Be6 19.h3 Red8 ( {The next sugegstion by Svidler was this time refuted by Giri:} 19...Nce4 $2 {with the idea to swap some pieces is a blunder due to} 20.Nxe4 Nxe4 21.Rxc8 ( {Not the immediate} 21.Qxe4 $4 dxe4 22.Rxd6 Rxc1+ ) 21...Rxc8 ( {White also wins a pawn after} 21...Bxc8 22.Qxd6 Nxd6 23.Rxd5 ) 22.Qxe4 $1 {and White wins.} ) 20.Nd4 Qf8 $2 {"Horrible move. From here on I played only horrible moves" Giri.} ( 20...Bd7 {was passive but defendable for Black.} ) 21.b6 $1 {Now White opens the road for his pieces on the queenside and increases his advantage.} 21...axb6 22.Qxb6 Nfd7 23.Qb2 Nf6 24.Bf3 Rd7 25.Qb4 Qd8 26.Nce2 {The knight is brought to a better striking position and Svidler opens the road for his heavy pieces. Giri has the ungrateful task of defending the isolated pawn and the weaknesses on the queenside.} 26...Rdc7 27.Nf4 Bd7 28.Qa5 {A slip that allows Black a chance. Better was} ( 28.Nxd5 $1 {with the idea} 28...Nxd5 29.Bxd5 Nd3 30.Bxf7+ Kh8 31.Rxc7 Nxb4 32.Ne6 $3 {which was suggested by one of the viewers during the press conference.} ) ( {Or Giri's} 28.Nb3 $1 {with a solid extra pawn for White.} ) 28...Ra8 {Now everything is back on track for Svidler. Instead with mischievous smile he showed the chance} ( 28...Ba4 $5 {with the idea} 29.Rxc5 $2 ( {Instead White keeps some edge with} 29.Rf1 Ra8 30.Qb4 ) 29...Bxd1 30.Rxc7 Qxc7 31.Qxc7 Rxc7 32.Bxd1 Rc1 {and Black wins.} ) 29.Qb6 Ra6 30.Qb4 Ra4 31.Qb6 Ra6 32.Qb4 Ra4 33.Qb2 {With his previous moves White lured the rook on a4 to prevent any light pieces from getting there.} 33...Ne6 34.Nxd5 $2 {A huge miss for this level. White wins a pawn but not in the optimal way. A quick win would have been:} ( 34.Nfxe6 $1 {(or the other knight)} 34...fxe6 35.Nxe6 Bxe6 36.Qb6 Rd7 37.Qxe6+ {and next both b7 and d5 pawns will fall on the long run.} ) 34...Rxc1 35.Rxc1 Nxd4 36.exd4 Nxd5 37.Bxd5 b5 {Blundered by Svidler. Now his win is quite questionable.} 38.Bc6 Bxc6 39.Rxc6 h6 40.Qc2 Ra8 41.Qc5 Qf8 $1 {Black will get closer to the draw in case that he trades the queens.} 42.Qxb5 Qxa3 43.Qc4 Qf8 44.d5 {A curious endgame arised in which White's chances for a win are approximately the same as Black's chances for a draw. Alekhine once won a similar endgame to Keres with a couple of differences. The pawns were in fact equal (Black had an additional one on b6) but the white h pawn had reached the fifth rank. This endgame was tested in many games and from the look of them I understood that it is important for the stronger side to bring the pawn on the sixth rank. Then the winning chances increase greatly.} 44...Qe8 45.Qd4 ( {The immediate push will lead to instant draw after} 45.d6 Ra1+ 46.Kh2 Qe5+ 47.f4 Qe3 48.d7 Qg1+ 49.Kg3 Qe1+ 50.Kg4 Qd1+ ) ( {However,} 45.Qc3 Rd8 46.d6 {seemed better with realistic chances for the full point.} ) 45...Rd8 46.Rc7 Qf8 47.Rc3 Qd6 48.Rg3 {One weakness (the passer on d6) will not be enough for a win and Svidler tries to create an attack against the black king.} 48...g6 49.Rd3 Kh7 50.g3 Rd7 51.Kg2 Rd8 52.h4 h5 $1 {The best defensive set-up. Now in order to open the king White will have to exchange a pair of pawns and most likely the queens after. The less pawns, the less trouble!} 53.Kf3 Kg8 54.Qf4 Qa6 55.Qd4 Qd6 56.Kg2 ( 56.g4 {is premature due to} 56...hxg4+ 57.Qxg4 Qh2 ) 56...Rd7 57.g4 hxg4 58.Qxg4 Kg7 59.h5 Re7 ( {Giri wanted to play here} 59...Kh6 {but missed} 60.Qd4 $1 {when White wins. For example} 60...Kxh5 61.Rh3+ Kg5 62.Rg3+ Kf5 63.Rf3+ Kg5 64.Qe3+ Kh5 65.Rh3+ Kg4 66.Rg3+ Kf5 67.Qg5+ {and the heavy pieces mate easily.} ) 60.Qd4+ Qe5 61.hxg6 Qxd4 62.Rxd4 Kxg6 {Black achieved what he wanted to. The rook endgame is objectively a draw, but it still has to be proved. First Svidler improves everything that he has.} 63.Kf3 Kf5 64.Rf4+ Kg5 65.Re4 Rd7 {The first inaccuracy. A much simpler way was to let the rookie freedom} ( 65...Ra7 $1 66.Re5+ Kf6 67.Kf4 Ra4+ 68.Re4 Ra2 {with a draw.} ) 66.Re5+ Kf6 67.Kf4 {Now some problems appear for Black.} 67...Ra7 68.Rf5+ Ke7 69.Kg5 Ra6 70.Re5+ Kd7 $2 {This is the wrong side. Both players agreed at the analyzes that the king had to stay on the f file} ( 70...Kf8 71.Kf5 Ra2 72.f4 Rd2 73.Ke4 Rd1 {White can still torture his opponent and keeps practical chances but objectively it should be holdable.} ) 71.Re2 Rg6+ {Black's problems become obvious in the line} ( 71...Rd6 72.f4 $1 Rxd5+ 73.Kf6 Rd4 74.f5 {when he loses the f pawn and the game. In this line we see why the black king is badly placed on the d file. Not only that the pawn is lost on f7, but the king is on the wrong long "side. " Had it been to the h file Black could survive by giving distant checks with his rook.} ) 72.Kf5 Ra6 73.f4 Ra4 74.Kg5 f6+ ( {Nothing changes} 74...Kd6 75.f5 Kxd5 76.Re7 ) 75.Kf5 Kd6 76.Re4 Ra8 77.Kxf6 Kxd5 78.Re5+ {The black king is cut off the f pawn and the frontal checks do not help as the rook can cover them. the game is over.} 78...Kd4 79.Re6 Rf8+ 80.Kg5 Rg8+ 81.Rg6 Re8 82.f5 Ke5 83.Rg7 1-0

[Event "KM FIDE GP 2015"]
[Site "Khanty Mansiysk RUS"]
[Date "2015.05.24"]
[Round "9"]
[White "Jakovenko, Dmitrij"]
[Black "Gelfand, Boris"]
[Result "1/2-1/2"]
[WhiteElo "2738"]
[BlackElo "2744"]
[EventDate "2015.??.??"]
[Annotator "Bojkov,Dejan"]
[PlyCount "105"]
[Beauty "5433825761310"]
[EventCountry "RUS"]
[WhiteClock "0:01:46"]
[BlackClock "0:15:13"]

1.e4 c5 2.Nf3 d6 3.d4 cxd4 4.Nxd4 Nf6 5.Nc3 a6 {Gelfand switches to his beloved Najdorf.} 6.h3 e5 7.Nde2 h5 8.g3 b5 ( {Another interesting line is} 8...Nbd7 9.Bg5 Be7 10.a4 Nc5 11.Bg2 Be6 12.a5 b5 13.axb6 Qxb6 {Caruana,F (2811)-Nakamura,H (2776) Zuerich 2015} ) 9.Nd5 Nbd7 10.Bg5 Bb7 11.Nec3 Rc8 12.Bg2 Be7 13.Nxe7 Qxe7 14.O-O Qe6 15.Re1 b4 16.Nd5 {A novelty. In these positions people usually try to keep the d5 square clear for the pieces and do not hurry to trade the knight there as the nice outpost vanishes. This was the reason why Leko played:} ( 16.Na4 {but this did not yield him much after} 16...Rc4 ( 16...O-O $5 ) ( 16...d5 $5 ) 17.f3 h4 18.g4 d5 19.b3 Rd4 {Leko,P (2737)-Mamedyarov,S (2761) Beijing 2013} ) 16...Bxd5 {Now forced play starts.} 17.exd5 Qf5 18.Bd2 ( {Of course not} 18.Bxf6 Nxf6 {which would be horrible for White from positional point of view.} ) 18...Rxc2 19.Rc1 ( 19.Bxb4 $4 Qxf2+ 20.Kh1 Qxg2# ) 19...Rxc1 20.Qxc1 {It seems as White can exploit his better development to reach the black weaknesses on the queenside and/or the king in the middle, but Gelfand is well prepared.} 20...Nc5 21.Bxb4 Nd3 22.Qc6+ Qd7 23.Qa8+ Qd8 24.Qc6+ {As the Israeli GM confessed at the press-conference all of this was home preparation. But here he decided to play for more than a draw and went} 24...Nd7 $4 ( 24...Qd7 {with a draw was mandatory.} ) 25.Re4 {Gelfand missed this simple move. "I had to resign"- said the Israeli GM.} 25...f5 26.Rc4 e4 27.Qxa6 {Jakovenko saw his chance and went for a decisive attack. Somewhere around here both players were low on time.} ( 27.Bxd6 {was also good.} ) 27...Nxb4 28.Qxd6 $1 Nd3 29.Qe6+ Kf8 30.Qxf5+ Kg8 31.Qe6+ ( 31.Rxe4 N3c5 32.Re3 {is another way to play for a win.} ) 31...Kf8 32.Qd6+ Kg8 33.Qe6+ Kf8 34.Qxe4 {For the knight white has four pawns and strong threats. On a high level the game is practically over.} 34...N3e5 35.Qf5+ Kg8 36.d6 Rh6 ( 36...Nxc4 37.Bd5# {is a nice mate.} ) 37.Re4 h4 ( {Perhaps Black should have defended the position after} 37...Rxd6 38.Rxe5 Nxe5 39.Qxe5 ) 38.Rxh4 Rxh4 39.gxh4 Qxh4 40.Bd5+ Kh8 41.Kh1 {The time trouble is over and Jakovenko has time to find the winning plan. He prepares the f2-f4 advanced which will spoil the comfort of the black horses.} 41...Qh6 42.f4 g6 43.Qe6 Qf8 44.Bb3 $1 {"Brilliant idea! Qf8-c8 was a threat and Bb3 is a great prophylaxys." Gelfand.} ( {For example} 44.b4 Qc8 45.fxe5 Qc1+ {with perpetual check.} ) ( {Another profilactical move should also win-} 44.h4 {with the idea} 44...Qc8 45.fxe5 Qc1+ 46.Kh2 Qd2+ 47.Bg2 Qf4+ 48.Kg1 Qd4+ 49.Kh1 {and White escapes from the checks.} ) 44...g5 45.f5 ( 45.fxe5 $4 Qf1+ 46.Kh2 Qf2+ {is another perpetual.} ) 45...Nd3 {In desperation, Gelfand sacrifices a knight hoping for another escape. The stalemate idea this time.} 46.Qxd7 Qa8+ 47.Kg1 ( {The only move, as if} 47.Kh2 $4 Nf4 $1 {it will be White to has to make the draw after} 48.Bd5 Qxd5 49.Qd8+ Kh7 50.Qe7+ Kh6 51.Qf6+ {and perpetual for a change.} ) 47...Nf4 48.Kf2 g4 {The last chance that...} 49.hxg4 $2 {Works! As GM Sergey Rublevsky mentioned at the press-conference both} ( 49.Kg3 Qg2+ 50.Kh4 Qf2+ 51.Kg5 Nxh3+ 52.Kg6 Nf4+ 53.Kf7 ) ( {and} 49.Ke3 Qf3+ 50.Kd4 Qf2+ 51.Kc4 {would ahve won for White.} ) 49...Qg2+ 50.Ke3 Nd5+ $1 {Jakovenko saw the stalemate idea, but being short in time again he could not figure out the correct move order. He espected only queen checks and forgot that Black can get rid of the knight first. With it's disappearance, the black queen falls desperately in love with the white king and starts chasing it for one last hug.} 51.Kd4 ( {Or stalemate after} 51.Bxd5 Qd2+ 52.Kf3 Qf2+ 53.Kxf2 ) ( {And} 51.Kd3 Qg3+ 52.Kd4 Qf4+ 53.Kc5 Qb4+ 54.Kc6 Qb6+ 55.Kxd5 Qc5+ 56.Ke6 Qe5+ 57.Kf7 Qf6+ 58.Ke8 Qf8+ 59.Kxf8 ) 51...Qf2+ 52.Kxd5 Qd4+ 53.Kxd4 {Stalemate! Very unusual for this level!} 1/2-1/2

[Event "Sparkassen Chess Meeting"]
[Site "Dortmund"]
[Date "2015.06.28"]
[Round "2.3"]
[White "Caruana, Fabiano"]
[Black "So, Wesley"]
[Result "0-1"]
[WhiteElo "2805"]
[BlackElo "2778"]
[EventDate "2015.??.??"]
[Annotator "Bojkov,Dejan"]
[PlyCount "138"]
[Beauty "5843034575926"]
[EventType "schev"]
[EventRounds "2"]
[EventCountry "GER"]
[WhiteClock "0:01:43"]
[BlackClock "0:30:15"]

{[Annotations by GM Dejan Bojkov]} 
1.Nf3 c5 2.e4 d6 3.d4 cxd4 4.Nxd4 Nf6 5.Nc3 a6 6.h3 {This line has similarities with the Fianchettoe line, but White wants to be trickier than there and win a tempo by advancing his pawn directly to g4.} 6...e5 7.Nde2 b5 8.g4 {This is the what the line is all about. Another idea is} ( 8.Ng3 Bb7 9.Bg5 Nbd7 10.a4 b4 11.Nd5 Bxd5 12.exd5 Be7 13.a5 {as in Harikrishna,P (2729)-Shankland,S (2661) Tsaghkadzor 2015. Normally, if the d5-square is occupied by a white pawn Black is OK. In this particular position though White can play for the advantage as the b4-pawn got separated from the remaining pawns.} ) 8...b4 9.Nd5 Nxd5 10.exd5 h5 {Good preparation by So. Although this move is a novelty it should not have come as a surprise for Caruana. The h7-h5 advance is a very common theme in the Najdorf. Check the recent match Short-Kasparov where the 13th world champion used it successfully.} ( {Two other games saw} 10...Be7 {for example} 11.Bg2 ( 11.Ng3 {might be more subtle.} ) 11...O-O 12.Ng3 a5 13.O-O Na6 14.f4 {with double edged play, Yankelevich,L (2340)-Kvetny,M (2295) Magdeburg 2014} ) 11.gxh5 {Practically forced as} ( 11.Ng3 $2 hxg4 12.hxg4 Rxh1 13.Nxh1 Qh4 {looks grim for White.} ) ( {And} 11.g5 Be7 12.h4 Bg4 {is anything but inspiring for the first player.} ) 11...Rxh5 12.a3 {Caruana destroys the queenside in return and sharpens further the game.} 12...bxa3 13.Rxa3 Nd7 14.Bg2 Nf6 15.O-O {Probably White should have delayed the castling for one more move to see what his opponent is doing first. After all} ( 15.f4 {is a mandatory move for him. Then in case of} 15...Rb8 {like in the game, he can chose} ( {And} 15...Be7 $2 {will be simply wrong due to} 16.Ng3 Rh8 17.fxe5 dxe5 18.d6 $1 {with material gain.} ) 16.Ng3 Rh7 17.Qe2 {and castle later.} ) 15...Rb8 {Moving away the rook from the long diagonal.} 16.f4 Be7 17.c4 Qb6+ {Black underlines the fact that the white king is not particularly safe.} 18.Rf2 {White not only covers the king but prepares the future regroupment Ne2-g3, Bc1-e3 and possibly c4-c5. In this line the rook defends the b2 pawn.} ( {Or else White has to reckon with the possible Nf6-g4 jump.} 18.Kh1 Ng4 $5 ( 18...Kf8 {to castle by hand makes perfect sense too.} ) ) 18...Rh4 {Moving the rook away from the tempo and pressurizing f4 and c4.} ( 18...Kf8 {was possible as well though} 19.Ng3 Rh4 20.Be3 Qb4 {with unclear play.} ) 19.Rc3 {Caruana wants to support his c4-pawn, but the rook is vulnerable here.} ( 19.Qc2 {was a safer option.} ) 19...Bd7 $2 {Misses a tactical blow.} ( 19...Bxh3 $5 {was already possible and good as in the lines} 20.Bxh3 ( 20.Rxh3 Ng4 21.Qf1 ( 21.Rf3 e4 ) 21...Rxh3 22.Bxh3 Nxf2 23.Qxf2 Qxf2+ 24.Kxf2 exf4 ) 20...Ne4 21.Qf1 Nxf2 22.Qxf2 Qxf2+ 23.Kxf2 exf4 24.Nxf4 Bf6 25.Re3+ Kd8 {Black wins a second pawn in addition to the rook and pawn he already has for the two light pieces.} ) 20.b3 $2 {Caruana returns the favor.} ( 20.c5 $1 {was very strong instead} 20...dxc5 {Or else the pawn will advance further to c6.} 21.fxe5 {The white central duo is huge. For example} 21...Ne4 22.Bxe4 Rxe4 23.d6 Bh4 24.Ng3 Rb4 ( 24...Rd4 25.Qh5 ) 25.Qh5 Be6 26.Rd3 {with serious threats against the black king.} ) 20...Bxh3 $1 {Now this is even stronger than a move ago as the b3-pawn drops at once.} 21.Bxh3 {The only move.} ( 21.Rxh3 Rxh3 22.Bxh3 Ne4 23.Qf1 Bh4 {loses material.} ) 21...Ne4 22.Qe1 ( 22.Rf3 Nxf2 23.Rxf2 Rxh3 ) 22...Nxc3 23.Qxc3 Qxb3 24.Qxb3 Rxb3 {As a result of the small combination So won material. Rook and two pawns are usually much better than two light pieces in the endgame. The reasons: more room for the rooks to operate and the higher value of the pawns.} 25.Bc8 e4 ( {White was hoping for the same pawn duo after} 25...a5 26.c5 $1 dxc5 27.fxe5 ) ( {Another reasonable way to play it was} 25...exf4 $5 26.Bxf4 Ra3 {with advantage for Black.} ( 26...a5 27.Nd4 $1 ) ) 26.Bxa6 ( {White could have gone for the more dangerous pawn on e4, but the position after} 26.Bf5 Bd8 ( 26...e3 27.Rf3 ) 27.Kg2 Bb6 28.Rf1 g6 29.Bxe4 Rbh3 {looked too dangerous for him. Perhaps he can survive it after} 30.f5 Rh2+ 31.Kf3 Rxe2 32.Kxe2 Rxe4+ 33.Kd3 {Perhaps not.} ) 26...Bd8 $1 {The last black piece gets activated to the maximum.} 27.c5 $1 {The best defense. White cannot allow the black bishop an access to the a7-g1 diagonal.} ( {For example} 27.Kg2 Bb6 28.Rf1 Rg4+ 29.Kh2 f5 {with decisive attack along the h- and g-files.} ) 27...dxc5 28.Rg2 g6 ( {If} 28...c4 {to open the diagonal again then} 29.Rg3 $1 {is strong.} ) 29.Rg3 {As a rule, the trades favor the side with the rook, but White needed to saveguard his king.} 29...Rxg3+ 30.Nxg3 Rg4 31.Kh2 f5 32.Ne2 ( 32.Bb5+ $5 {deserved attention, to advance the pawn a bit further} 32...Kf7 ( 32...Ke7 33.Kh3 {intends to trap the rook with Bb5-e2.} ) 33.d6 {with good chances for survival.} ) 32...Rh4+ 33.Kg2 Bc7 34.Bc8 $6 {A time-trouble inaccuracy. White needed to activate the other bishop instead:} ( 34.Bb2 $1 {and then put it on e5 after} 34...Ke7 35.Be5 Bd6 {when Black's options are more limitted in comparison to the game. In particular, the black rook lacks the h8-square and cannot easily swing to the queenside.} ) 34...Kd8 35.Be6 Ke7 36.Be3 ( 36.Bb2 Bxf4 ) 36...Bd6 {Now Black has more freedom in comparison to the position with white bishop on e5.} 37.Bf2 Rh8 38.Be1 c4 39.Bc3 Ra8 40.Be5 {We know the saying: "better late then never." But stragely enough, this is not optimal here. White should have opted for passive defense with} ( 40.Kf2 Ra3 ( 40...Ra2 41.Ke1 ) 41.Ke1 {and Ke1-d2.} ) 40...Ra2 41.Kf1 ( 41.Kf2 {loses to} 41...Bxe5 42.fxe5 c3 43.Ke3 Rd2 {followed by Rd2-d1 and c3-c2-c1.} ) 41...Rd2 $1 {The rook manages to get to the optimal d3-square.} 42.Bc3 ( {The white king cannot approach} 42.Ke1 Bb4 $1 ) ( {Black's idea is revealed in the line} 42.Bg8 Rd3 $1 43.Be6 Bxe5 44.fxe5 c3 {and pawns are unstoppable.} ) 42...Rd3 43.Ba5 ( 43.Be5 Bxe5 44.fxe5 c3 {transposes to the line above.} ) 43...Ba3 ( 43...Ra3 $5 {with the idea} 44.Bc3 Rb3 {and Bd6-b4 to break the blockade made sense.} ) 44.Bg8 Bd6 45.Be6 Bc5 46.Ke1 {Finally, the white king made it to the center but at a very high price.} 46...Rb3 47.Kd2 Rb2+ 48.Kd1 Bb4 $1 49.Bxb4+ Rxb4 {The trade of the bishop made White's defense much harder. Now the white king and knight have to stop the black rook and pawns. Should be a mission impossible.} 50.Kc2 Rb3 51.Nc3 e3 52.Bg8 Rb6 53.Ne2 Ra6 54.d6+ ( 54.Nc3 g5 {would be similar to the game.} ( {But Black has an additional choice:} 54...Kd6 $5 ) ) 54...Rxd6 55.Bxc4 Kf6 {Next g6-g5 is coming.} 56.Bd3 {Now the game is essentially over.} ( 56.Nc3 $1 {was White's last chance to get the king in the defense as fast as possible} 56...Rd2+ ( 56...g5 57.Nd5+ Kg7 58.Nxe3 ) 57.Kc1 Rd4 58.Nd5+ Kg7 59.Nxe3 Rxf4 60.Kd2 {is this position defendable is another story.} ) 56...g5 57.fxg5+ Kxg5 58.Ng3 Rc6+ 59.Kd1 f4 60.Nf1 Rb6 61.Nh2 ( 61.Ke2 Rb2+ 62.Ke1 Kg4 {leads to a position similar to the game.} ) 61...Kh4 62.Ke1 Kg3 63.Nf1+ Kf3 64.Nh2+ Kg2 65.Nf1 Re6 {With the threat f4-f3.} 66.Bc4 Re5 67.Ba6 Ra5 68.Bb7+ Kg1 69.Nxe3 Re5 {Fabiano Caruana still experiences great difficulties against the Najdorf.} 0-1